[Event "World Cup"]
[Site "Khanty-Mansiysk"]
[Date "2007.12.16"]
[Round "7.4"]
[White "Kamsky, Gata"]
[Black "Shirov, Alexei"]
[Result "1/2-1/2"]
[WhiteElo "2724"]
[BlackElo "2739"]
[Annotator "Martinez,D"]
[PlyCount "69"]
[EventDate "2007.11.24"]
[EventType "k.o."]
[EventRounds "7"]
[EventCountry "RUS"]
[SourceTitle "CBM 122"]
[Source "ChessBase"]
[SourceDate "2008.01.30"]
[SourceVersion "1"]
[SourceVersionDate "2008.01.30"]
[SourceQuality "1"]

1. e4 c5 2. Nf3 Nc6 3. Bb5 {Kamsky se desvía de Cc3 para elegir la Rossolimo,
otra línea bastante posicional.} g6 {En su gran victoria contra Akopian, en
esta misma copa del mundo, Shirov prefirió e6.} 4. O-O Bg7 5. c3 {La idea
principal en la posición, las blancas quieren formar un centro sólido.} Nf6 6.
Re1 O-O 7. d4 d5 {Y las negras reaccionan. Todo esto es muy conocido y ha
sucedido en muchas partidas.} 8. e5 Ne4 9. Bxc6 ({Es importante cambiar en
este momento para evitar que se capture en c6 de dama después de} 9. Nbd2 cxd4
10. cxd4 Qb6 11. Bxc6 Qxc6 {como ocurrió en Polgar - Kramnik ; Mónaco 1994})
9... bxc6 10. Nbd2 Bf5 {No es la jugada más habitual pero sí la preferida de
Shirov, que ya la había empleado anteriormente.} 11. Nh4 e6 12. Nxf5 exf5 13.
f3 {Una mejora respecto a lo jugado anteriormente por McShane contra Shirov,
ya que no es necesario gastar un tiempo evitando el cambio de caballos.} (13.
Nf1 Rb8 ({Más tarde Kotronias eligió} 13... cxd4 14. cxd4 Qb6 15. Re3 c5 {
Houska,J -Kotronias,V ;Hastings 2004, el negro tiene buena posición, y creo
que ésta hubiera sido la línea seguida por Shirov.}) 14. f3 (14. Re2 $5) 14...
Ng5 15. dxc5 Ne6 16. b4 Qc7 17. f4 d4 18. Qf3 a5 19. a3 dxc3 20. Qxc3 axb4 21.
axb4 Qb7 22. Rb1 {y aunque el negro tiene compensación por el peón, creo que
la posición blanca es preferible: McShane,L -Shirov,A ;Reykjavik 2003}) 13...
cxd4 14. cxd4 ({Seguramente Kamsky no gastó mucho tiempo calculando} 14. fxe4
dxc3 15. bxc3 fxe4 {con tres peones por la pieza y sobre todo, una posición
confusa, lo que no entraba en los planes de Gata.}) 14... Ng5 {El caballo se
dirige a e6, donde está perfectamente, atando la base de la cadena a la vez
que apoyaría un futuro c5. Las negras parecen haber salido sin problemas de la
apertura.} 15. b4 $1 {Tomando espacio en el flanco de dama.} a5 {Evitando la
presión que se produciría si el blanco consiguiera hacer Cb3 manteniendo bajo
control a5 y c5.} 16. bxa5 Rxa5 17. Nb3 Ra7 18. Bxg5 {Kamsky criticó esta
jugada, por otro lado lógica, buscando la simplificación y evitando que el
caballo llegue a e6.} ({La opción es} 18. a4 Ne6 19. Ba3 Re8 20. a5 {
manteniend o una presión algo mayor que en la partida, aunque tampoco parece
suficiente para sacar ventaja.}) 18... Qxg5 19. Qc2 ({Se podía buscar el
cambio de damas con} 19. Qc1 {pero tras} Qxc1 20. Rexc1 Rb8 $1 {jugada clave
para igualar. La amenaza en b3 impide progresar al blanco.} ({Un error sería} 
20... Rfa8 21. Rxc6 Rxa2 22. Rxa2 Rxa2 23. Rc8+ Bf8 24. Rd8 $1)) 19... Rc8 20.
a4 {Las blancas han conseguido una posición muy sólida. Peón de a pasado, un
objetivo en la columna c y más espacio. A pesar de ello no tienen ventaja,
porque les falta una ruptura o segunda debilidad que hiciera posible
descoordinar las piezas negras.} Bf8 {Dando juego al alfil.} 21. a5 Bb4 22. Re2
Qd8 {Shirov coordina todas las piezas en el flanco de dama, donde Kamsky
intenta sacar ventaja.} 23. e6 {Rompiendo el centro como se ha indicado antes,
buscando una segunda debilidad que sirva para entrar en la posición negra.}
fxe6 24. Rxe6 Qd7 25. Qe2 {Gata dobla en la columna e planeando un sacrificio
de calidad.} Kf7 26. Re5 Bd6 27. f4 {Esta es la idea. A cambio de la calidad
el blanco recibe un nuevo peón pasado y una excelente casilla para el caballo
en c5.} ({La alternativa de retirar la torre era peor, ya que tras} 27. Re3 $6
Qc7 28. h3 (28. g3 $2 f4 29. gxf4 Bxf4 30. Rc3 Re8 {Las negras han abierto la
posición y tienen ventaja.})) 27... Bxe5 {Shirov criticó esta jugada, ya que
permite al blanco forzar tablas.} ({Era un mejor intento} 27... Qb7 28. Nc5 Qb4
{atacando los puntos débiles del blanco, pero en este caso tras} 29. Qe3 Bxe5 (
29... Rxa5 30. Rxa5 Qxa5 31. Re7+ $1 Bxe7 32. Qe6+ Kf8 33. Nd7+ Kg7 34. Qxe7+
Kh8 35. Qf6+ {también lleva a tablas}) 30. fxe5 Rxa5 31. e6+ $1 Ke7 32. Rxa5
Qxa5 33. Qe5 Qa1+ 34. Kf2 Qb2+ 35. Kg1 {las negras no tienen nada mejor que
dar jaques eternamente.}) 28. fxe5 Qb7 ({Similar es} 28... Rb8 29. Nc5 Qe7 30.
e6+ Kg7 31. a6 Qf6 32. Qd2 {los peones blancos y el caballo inmovilizan
totalmente al negro.}) 29. Nc5 {Una posición que ilustra el valor relativo de
las piezas, ya que es difícil pensar que el caballo de c5 vale tres puntos y
la torre de a7 cinco.} Qb4 30. e6+ Kg8 31. Rd1 {Defendiendo la debilidad y
preparando De5.} Qxa5 {Renunciando ya a la victoria.} (31... Re7 32. a6 {
ciertamente tampoco daba ninguna alternativa al negro.}) 32. e7 Re8 33. Qe6+
Kg7 34. Qe5+ Kf7 35. Qe6+ {Tranquila partida de maniobras donde Kamsky eligió
muy bien la apertura evitando en todo momento posiciones complejas. Shirov
jugó bien, controlando sus debilidades y mejorando sus piezas lo que exigió
algo de precisión en el final a Kamsky que lo solucionó elegantamente con un
sacrificio de calidad.} 1/2-1/2

[Event "RUS-chT"]
[Site "Dagomys"]
[Date "2008.04.11"]
[Round "9"]
[White "Kamsky, Gata"]
[Black "Potkin, Vladimir"]
[Result "1/2-1/2"]
[WhiteElo "2726"]
[BlackElo "2617"]
[PlyCount "157"]
[EventDate "2008.04.02"]
[EventType "team"]
[EventRounds "11"]
[EventCountry "RUS"]
[SourceTitle "CBM 124"]
[Source "ChessBase"]
[SourceDate "2008.05.28"]
[SourceVersion "1"]
[SourceVersionDate "2008.05.28"]
[SourceQuality "1"]
[WhiteTeam "Ekaterinburg Ural"]
[BlackTeam "Moscow ShSM-64"]
[WhiteTeamCountry "RUS"]
[BlackTeamCountry "RUS"]

1. e4 c5 2. Nf3 e6 3. d4 cxd4 4. Nxd4 Nc6 5. Nc3 a6 6. Be2 d6 7. O-O Nf6 8. Be3
Bd7 9. f4 Be7 10. Qe1 O-O 11. Qg3 b5 12. a3 Qb8 13. Rad1 Nxd4 14. Bxd4 Bc6 15.
b4 a5 16. Bd3 axb4 17. axb4 g6 18. Qg5 Qd8 19. Rf3 e5 20. fxe5 Nxe4 21. Qh6 Bg5
22. Qxf8+ Qxf8 23. Bxe4 Rc8 24. e6 f5 25. Bxc6 Rxc6 26. Nd5 Rxc2 27. Re1 Qa8
28. e7 Bxe7 29. Nxe7+ Kf7 30. h4 Qa2 31. Bf2 Qc4 32. h5 Rc1 33. Rfe3 Rxe1+ 34.
Rxe1 f4 35. h6 Kf6 36. Bh4+ g5 37. Bf2 g4 38. Bh4+ Kf7 39. Rf1 f3 40. Nf5 Qd3
41. Ng3 Qe3+ 42. Rf2 Qxh6 43. Bd8 Ke8 44. Bb6 fxg2 45. Rxg2 Qc1+ 46. Nf1 Qf4
47. Rd2 h5 48. Rh2 Kd7 49. Rxh5 Qxb4 50. Bf2 Qb1 51. Rg5 b4 52. Rxg4 b3 53. Bd4
b2 54. Bxb2 Qxb2 55. Rg2 Qc1 56. Rd2 Qe1 57. Rg2 d5 58. Rf2 Ke6 59. Kg2 d4 60.
Kg1 Ke5 61. Kg2 d3 62. Kg1 Kd4 63. Kg2 Kc3 64. Kg1 Qc1 65. Kg2 Qg5+ 66. Kh2 Kd4
67. Rg2 Qc1 68. Rf2 Ke4 69. Kg1 Ke5 70. Kg2 Qg5+ 71. Kh2 Ke4 72. Kh1 Qc1 73.
Kg2 Kd4 74. Kg1 Qc2 75. Kg2 Kc3 76. Kg1 Kb2 77. Ne3 Qe2 78. Rxe2+ dxe2 79. Kf2
1/2-1/2

[Event "Baku FIDE GP"]
[Site "Baku"]
[Date "2008.04.27"]
[Round "6"]
[White "Kamsky, Gata"]
[Black "Adams, Michael"]
[Result "1-0"]
[WhiteElo "2726"]
[BlackElo "2729"]
[Annotator "Marin,M"]
[PlyCount "119"]
[EventDate "2008.04.21"]
[EventType "tourn"]
[EventRounds "13"]
[EventCountry "AZE"]
[EventCategory "19"]
[SourceTitle "CBM 124"]
[Source "ChessBase"]
[SourceDate "2008.05.28"]
[SourceVersion "1"]
[SourceVersionDate "2008.05.28"]
[SourceQuality "1"]

1. e4 e5 2. Nf3 Nc6 3. Bb5 a6 4. Ba4 Nf6 5. O-O Be7 6. Re1 b5 7. Bb3 O-O 8. c3
d6 9. h3 Bb7 10. d4 Re8 11. Nbd2 Bf8 12. d5 Nb8 13. Nf1 Nbd7 14. N3h2 Nc5 15.
Bc2 c6 16. b4 Ncd7 17. dxc6 Bxc6 18. Bg5 h6 19. Bxf6 Nxf6 20. Ng4 Nxg4 21. Qxg4
Rc8 22. Bb3 Bd7 23. Qf3 Be6 24. Red1 Qg5 {Adams remains faithfull to the plan
designed by him and successfully employed in Wijk aan Zee 2008.} 25. Rd3 Qf4
26. Qe2 Bxb3 27. axb3 d5 28. exd5 $5 $146 ({After the overcautious} 28. Rxd5 {
Leko,P (2753)-Adams,M (2726)/Wijk aan Zee 2008/CBM 122/[Marin] (1/2-1/2, 98).
White's advantage will be microscopical.}) 28... e4 29. Re3 Qe5 30. Rxa6 f5 31.
Ng3 (31. Qxb5 f4 32. Re2 Rxc3 $44) 31... Qxd5 (31... Rxc3 $2 32. Rxc3 Qxc3 33.
Nxf5 $16) (31... Bxb4 32. Nxf5 $1 (32. cxb4 $2 f4 33. Rxe4 Rc1+) 32... Qxf5 33.
cxb4 Qxd5 34. Rg3 $16) 32. Qh5 {In my comments for CBM 122 I had reached this
position, with the following conclusion: "Here, we can see a drawback of the
move ...h6: with the pawn on h7, Black wouls simply play ...g6. Well, there is
no such thing as the perfect move, especially when you play with black. Anyway,
only further practical testing will reveal the objective merits of Adams' plan.
" I believe that even after this game, the question remains open.} Re5 33. Qg6
Qf7 {An important move. Black needs to unblock the g6-square in order to
re-establish the flexibility and intergrity of his kingside structure.} ({After
} 33... f4 34. Nxe4 Be7 35. Re1 Rxc3 {Black's pieces would be hanging and
White would dispose over several promissing continuation. Personally, I like}
36. Rf6 $5 {most. White will win the f4-pawn.}) 34. Qxf7+ Kxf7 35. Ra7+ Be7 {
It is not easy to take a decision regarding the king's placement.} (35... Kf6
$6 {allows White win time for the activation of his knight with} 36. Nh5+ Kg6 (
36... Kg5 $2 37. f4+ $1 $18) 37. Nf4+ $16) ({I believe that} 35... Ke6 {
would be better than the game continuation.} 36. Ne2 (36. Nh5 g5) 36... Kf6 37.
Ra6+ Re6 $1 {(Maintaining the king active despite a new material loss.)} 38.
Rxe6+ Kxe6 39. Nd4+ Ke5 40. Nxb5 f4 41. Re1 Ra8 42. Kf1 g5 $44 {It is quite
obvious that Black's position is much more active than that reached in the
game after the first time control.}) 36. Ne2 Ke8 37. Rb7 Rd5 38. Nd4 Bg5 39.
Rxb5 Rxb5 40. Nxb5 Rb8 (40... Bxe3 41. Nd6+ Kd7 42. Nxc8 Bxf2+ 43. Kxf2 Kxc8 {
does not offer hopes.} 44. Ke3 g6 45. c4 Kc7 46. b5 Kb6 47. b4 {and Black will
fall victim of successive zugzwang positions.} Kb7 48. c5) 41. Nc7+ {
"Obviously", White has find a way to save his attacked pieces. However, the
method chosen by him in the game will allow Black activate his king.} ({After} 
41. Nd6+ $5 Kd7 42. Nxf5 Bxe3 43. fxe3 $16 {White has 3 pawns for the exchange
and the enemy kingside is vulnerable.}) 41... Kd7 42. Na6 Ra8 43. Nc5+ Kc6 44.
Re2 Ra1+ 45. Kh2 Kb5 46. Rc2 Bf6 47. g3 Rd1 48. Kg2 Be5 $14 {Black is very
active now and can hope to reach a draw.} 49. h4 g6 50. Ne6 Rd6 $6 (50... Rd3
$1 {may have saved a tempo.}) 51. Nf4 Bxf4 52. gxf4 Rd3 {[%cal Gd3f3,Gf3f4,
Gh6h5]} ({As we shall see later,} 52... h5 {would be useful in certain cases,
but here there is no time for it:} 53. Re2 $1 Rd3 54. Re3 Rd2 55. Rg3 Rd6 56.
Kf1 $18) 53. c4+ $1 {The only chance to play for a win.} Kxb4 54. c5 Kxb3 55.
Rc1 Kb2 (55... Rd7 56. c6 Rc7 57. h5 $1 gxh5 58. Kh3 $18 {is similar to the
game.}) 56. Rc4 Rd7 $2 {After this move, Black will lose by force.} ({The only
saving chance would have been} 56... Kb3 57. c6 $1 {(the only way to avoid
immediate draw by repetition)} Rd8 $1 58. c7 Rc8 59. Rc6 Kb4 $1 (59... h5 {
allows White activate his king with} 60. f3 exf3+ 61. Kxf3 Kb4 62. Ke3 Kb5 63.
Rc1 Kb6 64. Kd4 $18) 60. Rxg6 (60. f3 {is too slow now:} exf3+ 61. Kxf3 Kb5 62.
Rc1 $6 Kb6 63. Ke3 $6 Rxc7 64. Rxc7 $4 Kxc7 65. Kd4 Kd6 $19) 60... Rxc7 {
the black king is quite far from the kingside, but White's king is not easy to
activate either, because of the unfavourable pawn structure.} 61. Rxh6 (61. h5
Rc2 62. Kf1 Rc1+ 63. Ke2 Rc2+ 64. Ke3 Kc5) 61... Rg7+ 62. Kh3 Rg4 $132) 57. c6
Rc7 58. h5 Kb3 59. Rc1 gxh5 60. Kh3 (60. Kh3 Kb4 61. Kh4 Kb5 62. Kxh5 Rxc6 63.
Rxc6 Kxc6 64. Kxh6 $18) 1-0

[Event "Baku FIDE GP"]
[Site "Baku"]
[Date "2008.04.28"]
[Round "7"]
[White "Gashimov, Vugar"]
[Black "Kamsky, Gata"]
[Result "1-0"]
[WhiteElo "2679"]
[BlackElo "2726"]
[Annotator "Ftacnik,L"]
[PlyCount "103"]
[EventDate "2008.04.21"]
[EventType "tourn"]
[EventRounds "13"]
[EventCountry "AZE"]
[EventCategory "19"]
[SourceTitle "CBM 124"]
[Source "ChessBase"]
[SourceDate "2008.05.28"]
[SourceVersion "1"]
[SourceVersionDate "2008.05.28"]
[SourceQuality "1"]

1. e4 e5 2. Nf3 Nc6 3. Bb5 a6 4. Ba4 Nf6 5. O-O Be7 6. Re1 b5 7. Bb3 O-O 8. h3
Bb7 9. d3 d6 10. a3 Qd7 {Kamsky is not afraid of the new trends and bravely
choses the transfer of the knight to e6 square. Classical solution of the
problems was connected with the knight jump to a5 and control of the center
with the help of the immediate c7-c5.} 11. Nbd2 Rfe8 12. Nf1 Nd8 13. Ng3 Ne6
14. Ba2 {It seems, that with this set up black is excellently prepared to
apply the freeing advance d6-d5. White are still searching, how to get
advantage in this system.} c5 15. Bd2 (15. Nf5 c4 16. dxc4 Bf8 $13) 15... Bf8
16. b4 $1 {Gashimov is giving up on the hope to open up the center with c3,d4,
since the opponent is perfectly prepared for it.} h6 (16... g6 17. Ng5 Nxg5 18.
Bxg5 Bg7 19. Qf3 $1 Qd8 20. Bd5 Rb8 21. a4 $14) 17. c4 Nf4 (17... Rac8 18. Ne2
Rc7 $11) 18. Re3 bxc4 (18... Rac8 19. Bc3 Ne6 $13) 19. dxc4 (19. Bxc4 cxb4 20.
axb4 d5 $1 21. exd5 Bd6 $11) 19... Ne6 20. Bb1 g6 21. Re1 Qc7 {Kamsky has no
reason to brag about the outcome of the opening. His pieces are harmonious and
the knight controls the sensitive d4 square.} (21... Bc6 22. Bd3 Rab8 $11) 22.
Bd3 Bg7 23. Rb1 Nd7 24. Ne2 Nd4 (24... cxb4 25. axb4 a5 26. bxa5 Ndc5 27. Nc1
Rab8 $13) 25. Nc3 Rec8 (25... Rab8 26. Nd5 Qd8 $11) 26. Rc1 Qd8 27. Nd5 Bc6 (
27... Ne6 28. Rb1 $13) 28. Bf1 (28. Nxd4 exd4 29. f4 Rab8 $13) 28... Nf8 $2 {
The play with this knight is for black quite unfortunate, on the square f8 it
has no perspectives.} (28... Ne6 29. b5 axb5 30. cxb5 Bxd5 31. exd5 Nd4 32.
Nxd4 exd4 33. a4 $14) 29. Nxd4 exd4 (29... cxd4 30. a4 Ne6 31. b5 $14) 30. f4
Nd7 31. Qf3 Rcb8 32. Qg3 cxb4 $2 (32... Ra7 33. Bd3 h5 $14) 33. axb4 a5 34. b5
Bxd5 $6 {The position is becoming worse with nearly every move played in time
trouble. The decision to exchange the light squared bishop will prove fatal
after the opening of the center.} (34... Bb7 35. f5 Be5 36. Bf4 $14) 35. cxd5
Nc5 36. e5 a4 37. Bb4 $1 (37. e6 a3 38. f5 g5 $14) 37... a3 {The tactical
combination will enable Kamsky to win the exchange, but it will cost him the
center and 3 pawns!} (37... Nb3 38. Rc6 dxe5 39. fxe5 Qxd5 (39... Qg5 40. Qxg5
hxg5 41. Bd6 Rb7 42. e6 $18) 40. Bc4 Qd8 41. Rxg6 $18) 38. Bxa3 d3 39. Bxc5 (
39. Bb4 Rxb5 40. Bxc5 Rxc5 41. Rxc5 d2 42. Rd1 Qb6 43. Qe3 $16) 39... d2 40.
Bxd6 Rb7 41. Red1 (41. Rc6 dxe1=Q 42. Qxe1 Bf8 43. Bxf8 Kxf8 44. Bc4 $18) 41...
dxc1=Q 42. Rxc1 {[%mdl 1024] Gashimov enjoys more than adequate compensation
for the missing exchange, the central pawns will have their say.} Rba7 43. Qb3
Ra1 44. Bc7 Qh4 (44... Rxc1 45. Bxd8 Rxd8 46. b6 Rb8 47. b7 $18) 45. Rxa1 Rxa1
46. Qf3 Qe1 (46... Rb1 47. b6 Qe1 48. d6 Qb4 49. b7 $1 Qxb7 50. Qxb7 Rxb7 51.
d7 $18) 47. b6 Qb4 48. d6 {It is unrealistic to stop both mighty candidates
for the advance to the promotion square.} Qd4+ 49. Kh2 (49. Qf2 $6 Qd5 $18)
49... Rb1 50. b7 Rxb7 51. Qxb7 Qxf4+ 52. g3 (52. g3 Qxf1 53. d7 Qf2+ 54. Qg2
$18) 1-0

[Event "Las Vegas National op"]
[Site "Las Vegas"]
[Date "2008.06.08"]
[Round "6"]
[White "Friedel, Joshua E"]
[Black "Kamsky, Gata"]
[Result "1/2-1/2"]
[WhiteElo "2484"]
[BlackElo "2726"]
[PlyCount "117"]
[EventDate "2008.06.06"]
[EventType "swiss"]
[EventRounds "6"]
[EventCountry "USA"]
[SourceTitle "CBM 124 Extra"]
[Source "ChessBase"]
[SourceDate "2008.07.03"]
[SourceVersion "1"]
[SourceVersionDate "2008.07.03"]
[SourceQuality "1"]

1. e4 e5 2. Nf3 Nc6 3. Bb5 a6 4. Ba4 Nf6 5. O-O Be7 6. Re1 b5 7. Bb3 O-O 8. c3
d6 9. Bc2 Nb8 10. d4 c5 11. Nbd2 Nbd7 12. Nf1 Bb7 13. Ng3 Re8 14. h3 Bf8 15. d5
c4 16. a4 g6 17. Bg5 h6 18. Be3 Nc5 19. Qd2 h5 20. Kh2 Bg7 21. Kg1 Bf8 22. Ng5
Bg7 23. axb5 axb5 24. Rxa8 Bxa8 25. Ra1 Bb7 26. Qd1 Qc7 27. Ra7 Ra8 28. Rxa8+
Bxa8 29. Qa1 Bb7 30. Nf1 Bc8 31. Nd2 Bd7 32. Qa8+ Ne8 33. Ngf3 Bf6 34. Qa3 Nb7
35. Qa7 Bd8 36. b4 cxb3 37. Nxb3 Kg7 38. Bd3 Nf6 39. Qa1 Na5 40. Nxa5 Qxa5 41.
Qb2 Bb6 42. Bxb6 Qxb6 43. Nd2 Qa6 44. c4 bxc4 45. Nxc4 Qb5 46. Qa3 Nxe4 47.
Nxd6 Qc5 48. Qxc5 Nxc5 49. Bb5 Bxb5 50. Nxb5 Kf6 51. Nd6 Nd3 52. g3 Ke7 53. Nc4
f6 54. Kg2 Nb4 55. d6+ Ke6 56. g4 h4 57. g5 f5 58. f4 exf4 59. Nd2 1/2-1/2